Centro Cívico Nacional y anillo de renovación urbana de San José

Tallennettuna:
Bibliografiset tiedot
Yhteisötekijä: Costa Rica. Gobierno
Aineistotyyppi: Teksti
Julkaistu: San José :
Aiheet:
Tagit: Lisää tagi
Ei tageja, Lisää ensimmäinen tagi!

MARC

LEADER 00000 a a2200000 04500
001 15626
003
040
090 |a EXTRAVIADO  
110 |a Costa Rica. Gobierno  
245 |a Centro Cívico Nacional y anillo de renovación urbana de San José  
260 |a San José :  
300 |a 26 p.  
650 |a URBANISMO  
999 |c 1487  |d 1487